| 000 | 00475nam a2200193 a 4500 | ||
|---|---|---|---|
| 001 | 4485539 | ||
| 005 | 20231127054908.0 | ||
| 008 | 960229s1995 ce a 000 0 eng | ||
| 020 | _a9556070133 | ||
| 040 |
_aDLC _cDLC |
||
| 082 | 0 | 0 |
_a305.42/0954 _221 _bKUM. |
| 100 | 1 | _aRosa, Kumudhini. | |
| 245 | 1 | 0 |
_aWomen of South Asia / _cKumudhini Rosa. |
| 260 |
_aColombo : _bFriedrich-Ebert-Stiftung, _c1995. |
||
| 300 | _a129 p. | ||
| 650 | 0 | _aWomen | |
| 650 | 0 | _aWomen | |
| 942 | _cL | ||
| 999 |
_c87 _d87 |
||